| 000 | 00875cam a22002534a 4500 | ||
|---|---|---|---|
| 001 | 741761 | ||
| 005 | 20180308045021.0 | ||
| 008 | 990421s2000 nyua b 000 0 eng | ||
| 010 | _a 99031078 | ||
| 020 | _a019512586X (pbk. : alk. paper) | ||
| 020 | _a0195125851 (cloth : alk. paper) | ||
| 040 |
_aDLC _cDLC _dDLC |
||
| 041 | _aeng | ||
| 042 | _apcc | ||
| 080 | _a316 | ||
| 082 | 0 | 0 |
_a305.3 KIM _221 |
| 100 | _a50 | ||
| 101 | _aSOC | ||
| 245 | 0 | 4 |
_aThe gendered society reader / _cedited by Michael S. Kimmel with Amy Aronson. |
| 504 | _aIncludes bibliographical references. | ||
| 906 |
_a7 _bcbc _corignew _d1 _eocip _f19 _gy-gencatlg |
||
| 942 |
_2ddc _cBK |
||
| 999 |
_c44429 _d44429 |
||